000 00397nam a2200157Ia 4500
003 GCL
008 140319s9999 xx 000 0 eng d
040 _aGCL /
_cGCL
082 0 4 _aCH
_b032
_bL L
100 1 _aLEOKUM, ARKADY
245 1 0 _aLOTS MORE: TELL ME WHY /
_cLEOKUM, ARKADY
260 _a[S.N] :
_bHAM LYN ،
_c1987
300 _a397
650 0 4 _aKNOWLEDGE AND LEARNING
942 _2ddc
_cBK
999 _c17868
_d17868